02198nam a22002417a 4500003000400000005001700004008004100021020001800062040002100080041000800101082002600109100003900135245006400174250002200238260005500260300007600315500006900391504003800460505011600498520128600614650003001900650002601930OSt20210225151509.0210225s2019 ck ad||fr|||| 00| 0dspa d a9789584880550 aCO-JMCRcCO-JMCR0 aspa04a658.4063 /bA495s2231 aAmbrad Chalela, Alejandro, eautor13aEl secreto de la innovación / cAlejandro Ambrad Chalela  aSegunda edición a[Colombia] : bMentes a la Carta Ediciones, c2019 a226 página : bilustraciones y gráficos a blanco y negro ; c23 cm. aIncluye notas a pie de página y datos biográficos del autor. aBibliografía: páginas 223-2260 aEl secreto de las mentes innovadoras -- El secreto de las empresas innovadoras -- El secreto de la innovación3 aNo sobresalen los mejores, sobresalen quienes se atreven a ser diferentes. Es la palabra de moda, todo el mundo habla sobre innovación. Pero son realmente pocas las personas y las empresas que se atreven a innovar y, entre las que se atreven, solo un pequeño porcentaje lo hace con éxito. Esto se debe a que, a diferencia de otras disciplinas, para innovar no basta con estudiar y aplicar métodos o técnicas. Si queremos innovar con éxito debemos cambiar radicalmente nuestra forma de pensar y de actuar dentro de nuestras empresas. Debemos atrevernos a romper muchos hábitos y creencias profundamente arraigados en nuestra cultura y nuestro ser. Este revolucionario libro habla de la innovación como nunca nadie lo había hecho, derribando absolutamente todos los paradigmas que nos impiden atrevernos a innovar y hacerlo de la forma correcta. A través de múltiples historias de empresas y personas de la vida real, desvelamos los verdaderos secretos que debes conocer si quieres transformar tu mente, preparar tu empresa y crear estrategias de negocio innovadoras y rentables. Ante la asfixiante competencia que vivimos en prácticamente todos los sectores económicos, innovar se ha convertido en la única forma de desmarcarnos de nuestros competidores.14aInnovaciones industriales24aCambio organizacional